000 00540nam a2200193 a 4500
001 1758620201430
003 YourLibrary
005 20250923150818.0
008 250923s2007##################000#0#eng##
020 _a9780691122625
082 0 4 _a577.072
_bCLA
100 1 _aClark, James S.,
_eauthor.
245 1 0 _aStatistical Computation for Environmental Sciences in R :
260 _bPrinceton University Press,
_c2007.
300 _a150 pages
650 0 _aMathematics.
942 _cENGLISH
040 _aYourLibrary
_beng
_cYourLibrary
999 _c589033
_d589033